Statistics for Greek Gods (Accepts Roman Names)

Click here to take the quiz!

General Stats

  • This quiz has been taken 118 times
  • The average score is 21 of 31

Answer Stats

HintAnswer% Correct
One of the six offspring of Cronos and Rhea, King of the gods and god of the sky, weather, thunder, lightning, law, order, and justice.Zeus
94%
One of the six offspring of Cronos and Rhea, King of the underworld and god of the deadHades
90%
Goddess of beauty, love, desire and pleasure, Daughter of Uranus (After he died and was cast into the sea).Aphrodite
88%
Goddess of intelligence, skill, peace, warfare, battle strategy, handicrafts, and wisdom. Daughter of Zeus and Metis.Athena
87%
One of the original six offspring of Cronos and Rhea, god of sea, rivers, floods, droughts, and earthquakes.Poseidon
87%
God of music, arts, knowledge, healing, plague, prophecy, poetry, manly beauty, and archery and much more! Son of Leto and Zeus.Apollo
86%
God of war, bloodshed and violence, He is the first son of Hera and Zeus.Ares
86%
One of the original six offspring of Cronos and Rhea, Queen of the gods and goddess of marriage, women, childbirth, heirs, kings, and empires.Hera
86%
Virgin goddess of the hunt, wilderness, wild animals, young girls, childbirth, and plague. A daughter of Leto and Zeus.Artemis
85%
God of wine, parties, festivals, madness, chaos, drunkenness, drugs, and ecstasy, Son of Zeus and Semele.Dionysus
83%
God of boundaries, travel, communication, trade, language, and writing, Son of Zeus and Maia.Hermes
83%
God of the Earth, (Mother Earth) Mother of the Titans, Giants, Elder Cyclops and Hundred-Handed ones.Gaea
80%
God of love, son of Aphrodite and Ares (depending on the story he might have come from Chaos)Eros
79%
One of the six offspring of Cronos and Rhea, Goddess of grain, agriculture, harvest, growth and nourishment.Demeter
78%
God of fire, metalworks and craft, Son of Hera one her own...Hephaestus
72%
God of victory, Daughter of Pallas and Styx.Nike
72%
One of the original six offspring of Cronos and Rhea, virgin goddess of the hearth, home, and chastity.Hestia
71%
The god of sleep, Son of Nyx and Erebus.Hypnos
70%
Goddess of rainbows, Daughter of Thaumas and Electra.Iris
70%
God of night, Sprung from Chaos.Nyx
68%
The nothingness from which all else sprung (Not necessarily a god more of a primordial being).Chaos
65%
God of the heavens (Father Sky), He sprung from Chaos. Father of the Titans, Giant, Elder Cyclops and Hundred-Handed onesOuranus
64%
God of revenge and retribution, Daughter of Erebus and Nyx.Nemesis
63%
God of Time, and is said to have made Chaos is some stories.Chronos
62%
God of Death, Son of Nyx and Erebus, Brother to Hypnos.Thanatos
56%
Goddess of magic and pathways, Daughter of Perses and Asteria.Hecate
53%
God of darkness, sprung from ChaosErebus
38%
Goddess of luck and chance, Either daughter of Hermes and Aphrodite or Daughter of Oceanus and Tethys depending on where you read it.Tyche
29%
God of the upper air, Son of ChaosAether
24%
God of Day, Sprung from Chaos.Hemera
23%
Goddess of inevitability, compulsion and necessity, Daughter of Chronos.Ananke
15%

Score Distribution

Percentile by Number Answered

Percent of People with Each Score

Your Score History

You have not taken this quiz